| 000 | 00831nam a22002890a 4500 | ||
|---|---|---|---|
| 001 | PT30239 | ||
| 003 | AR-LpoUNG | ||
| 005 | 20210131233611.0 | ||
| 008 | 191001s2006||||ag |||||||||||||||||spa d | ||
| 020 |
_a9871220669 _c$12.85 |
||
| 040 |
_aAR-LpoUNG _bspa _cAR-LpoUNG _eaacr |
||
| 041 | _aspa | ||
| 044 | _aag | ||
| 082 | 0 | _a507.2 665geo | |
| 100 | 1 | _aLevine, Robert | |
| 245 | 1 | 0 |
_aUna geografía del tiempo : _bo cómo cada cultura percibe el tiempo de manera un poquito diferente |
| 250 | _a1§ edición | ||
| 260 |
_aBuenos Aires : _bSiglo Veintiuno, _c2006. |
||
| 300 |
_a263 p. : _btbls. |
||
| 650 | 4 | _aCULTURA CIENTIFICA | |
| 650 | 4 | _aDISTRIBUCION DEL TIEMPO | |
| 650 | 4 | _aFACTOR TIEMPO | |
| 650 | 4 | _aPROGRESO CIENTIFICO | |
| 651 | 4 | _aDOCUMENTOS TEORICOS O METODOLOGICOS | |
| 905 | _a30239 | ||
| 942 | _cLIB | ||
| 999 |
_c21656 _d21656 |
||